Guerras civiles de Granada / (Record no. 119405)

MARC details
000 -LEADER
campo de control de longitud fija 00674nam a2200181 4500
001 - NÚMERO DE CONTROL
campo de control 119405
003 - IDENTIFICADOR DE NÚMERO DE CONTROL
campo de control ES-MaACL
005 - FECHA Y HORA DE LA ÚLTIMA TRANSACCIÓN
campo de control 20230906191317.0
007 - CAMPO FIJO DE DESCRIPCIÓN FÍSICA--INFORMACIÓN GENERAL
campo de control de longitud fija t|
008 - DATOS DE LONGITUD FIJA--INFORMACIÓN GENERAL
campo de control de longitud fija 070214s1913 sp r ||||1| spa d
100 1# - ENTRADA PRINCIPAL--NOMBRE DE PERSONA
Nombre de persona Pérez de Hita, Ginés.
9 (RLIN) 90778
245 10 - MENCIÓN DEL TÍTULO
Título Guerras civiles de Granada /
Mención de responsabilidad, etc. Ginés Pérez de Hita ; reproducción de la edición príncipe del año 1595 publicada por Paula Blanchard-Demouge.
260 ## - PUBLICACIÓN, DISTRIBUCIÓN, ETC.
Lugar de publicación, distribución, etc. Madrid :
Nombre del editor, distribuidor, etc. Centro de Estudios HIstóricos,
Fecha de publicación, distribución, etc. 1913.
300 ## - DESCRIPCIÓN FÍSICA
Extensión 2 v. ;
Dimensiones 26 cm.
500 ## - NOTA GENERAL
Nota general Junta para la Ampliación de Estudios e Investigaciones Científicas.
700 1# - ENTRADA AGREGADA--NOMBRE PERSONAL
Nombre de persona Blanchard-Demouge, Paula.
9 (RLIN) 29148
852 ## - LOCALIZACIÓN
Ubicación ES-MaACL
Número de control de estantería C-1740-41
Holdings
Estatus retirado Estado de pérdida Estado de daño No para préstamo Biblioteca de origen Biblioteca actual Ubicación en estantería Fecha de adquisición Fuente de adquisición Total de préstamos Signatura topográfica completa Código de barras Visto por última vez Precio de reemplazo Tipo de ítem Koha
        Biblioteca del Ateneo de Madrid Biblioteca del Ateneo de Madrid Mesetón 17/01/2008     C-1740-41 1124469 23/02/2023 23/02/2023 Libro impreso